Green Deal Quick Guides (Record no. 115135)

MARC details
000 -LEADER
fixed length control field 00906cad a22002055a 4500
001 - CONTROL NUMBER
control field L158092
008 - FIXED-LENGTH DATA ELEMENTS--GENERAL INFORMATION
fixed length control field 140502s2014 xxk f 000 0 eng d
035 ## - SYSTEM CONTROL NUMBER
System control number (Sirsi) u158092
041 0# - LANGUAGE CODE
Language code of text/sound track or separate title eng
110 2# - MAIN ENTRY--CORPORATE NAME
Corporate name or jurisdiction name as entry element United Kingdom
Subordinate unit Department of Energy and Climate Change
9 (RLIN) 5850
245 00 - TITLE STATEMENT
Title Green Deal Quick Guides
Medium [electronic resource]
260 ## - PUBLICATION, DISTRIBUTION, ETC.
Place of publication, distribution, etc. London
Name of publisher, distributor, etc. DECC
Date of publication, distribution, etc. 2014
520 ## - SUMMARY, ETC.
Summary, etc. Guidance on the Green Deal consisting of information for householders, owners, tenants and landlords. Includes facts on the Green Deal Home Improvement Fund, a guide to consumer protection and Green Deal Finance.
590 ## - LOCAL NOTE (RLIN)
Local note KA
651 #4 - SUBJECT ADDED ENTRY--GEOGRAPHIC NAME
Geographic name United Kingdom
690 ## - LOCAL SUBJECT ADDED ENTRY--TOPICAL TERM (OCLC, RLIN)
Topical term or geographic name as entry element Energy
9 (RLIN) 6237
690 ## - LOCAL SUBJECT ADDED ENTRY--TOPICAL TERM (OCLC, RLIN)
Topical term or geographic name as entry element Sustainability
9 (RLIN) 6271
856 40 - ELECTRONIC LOCATION AND ACCESS
Uniform Resource Identifier <a href="https://www.gov.uk/government/collections/green-deal-quick-guides">https://www.gov.uk/government/collections/green-deal-quick-guides</a>
Public note Browse the guides free of charge at https://www.gov.uk/government/collections/green-deal-quick-guides
942 ## - ADDED ENTRY ELEMENTS (KOHA)
Suppress in OPAC 0
Holdings
Withdrawn status Lost status Source of classification or shelving scheme Damaged status Not for loan Home library Current library Shelving location Date acquired Total Checkouts Full call number Barcode Date last seen Copy number Price effective from Koha item type
    Dewey Decimal Classification     Virtual Virtual Online 02/05/2014   ONLINE PUBLICATION 158092-2001 06/08/2019 1 06/08/2019 Book